Najmniej rozwinięte państwa Europy - Statystyki

Ogólne statystyki
  • Ten quiz został rozwiązany 55 671 razy
  • Średni wynik to 8 z 10
Statystyki odpowiedzi
HDI Kraj % Poprawnych
0,773 Ukraina
85%
0,750 Kosowo
81%
0,808 Białoruś
78%
0,767 Mołdawia
78%
0,802 Serbia
78%
0,796 Albania
76%
0,780 Bośnia i Hercegowina
72%
0,770 Macedonia Północna
71%
0,822 Rosja
70%
0,795 Bułgaria
68%
Nie znaleziono quizów pasujących do podanych kryteriów
Rozkład punktacji
Procent ludzi z każdym wynikiem
Percentyl według liczby udzielonych odpowiedzi
Twoja historia wyników
Nie rozwiązałeś tego quizu